000 00284nam a22001337a 4500
008 181012b xxu||||| |||| 00| 0 eng d
020 _a9780534554040
041 _aeng
080 _a591
100 _a7
101 _aANA
245 _aAnimal Physiology
_cSherwood
942 _2udc
_cBK
999 _c49516
_d49516